000 00580nam a2200169Ia 4500
008 150610s9999 xx 000 0 und d
020 _a1400054664
050 _aJK271
_b .G34 2005
100 _aGarrett, Major
245 4 _aThe enduring evolution:
_bhow the contract with America continues to shape the nation /
_cMajor Garrett.
250 _a1st ed.
260 _aNew York :
_bCrown Pub. Group,
_c2005.
300 _a325pages ;
_c24 cm.
520 _aUnited States.
650 _aEconomic policy-1993-2001
_xUnited States.
650 _aEconomic policy-1993-2001
_xUnited States.
999 _c288121
_d288121